[Event "ITA-chT Final (Women) 1st"]
[Site "Arvier"]
[Date "2008.05.04"]
[Round "5"]
[White "Compagnoni, Ilaria"]
[Black "Capuano, Francesca"]
[Result "0-1"]
[WhiteElo "1323"]
[BlackElo "1914"]
[PlyCount "46"]
[EventDate "2008.05.02"]
[EventType "team-swiss"]
[EventRounds "5"]
[EventCountry "ITA"]
[SourceTitle "CBM 124 Extra"]
[Source "ChessBase"]
[SourceDate "2008.07.03"]
[SourceVersion "1"]
[SourceVersionDate "2008.07.03"]
[SourceQuality "1"]
[WhiteTeam "Bellame Libertas"]
[BlackTeam "Barletta"]
[WhiteTeamCountry "ITA"]
[BlackTeamCountry "ITA"]

1. e4 e5 2. Nf3 Nf6 3. Nc3 Nc6 4. Bc4 Nxe4 5. Nxe4 d5 6. Bd3 dxe4 7. Bxe4 Bd6 8. d3 Bg4 9. 0-0 Qd7 10. Bd2 0-0 11. Re1 f6 12. h3 Be6 13. Qe2 Ne7 14. Rad1 c6 15. c4 Rae8 16. b4 f5 17. c5 Bb8 18. Bc3 Ng6 19. d4 fxe4 20. dxe5 exf3 21. gxf3 Qf7 22. Bd2 Bxe5 23. Bg5 Bd5 0-1

[Event "ITA-chT Final (Women) 1st"]
[Site "Arvier"]
[Date "2008.05.02"]
[Round "1"]
[White "Compagnoni, Ilaria"]
[Black "Barbiso, Tiziana"]
[Result "0-1"]
[WhiteElo "1323"]
[BlackElo "1970"]
[PlyCount "74"]
[EventDate "2008.05.02"]
[EventType "team-swiss"]
[EventRounds "5"]
[EventCountry "ITA"]
[SourceTitle "CBM 124 Extra"]
[Source "ChessBase"]
[SourceDate "2008.07.03"]
[SourceVersion "1"]
[SourceVersionDate "2008.07.03"]
[SourceQuality "1"]
[WhiteTeam "Bellame Libertas"]
[BlackTeam "Torino"]
[WhiteTeamCountry "ITA"]
[BlackTeamCountry "ITA"]

1. e4 e6 2. Nc3 c5 3. Nf3 Nc6 4. Bb5 a6 5. Bd3 d6 6. 0-0 Nf6 7. Be2 Nd4 8. Bc4 b5 9. Be2 b4 10. Na4 Nxe4 11. d3 Nf6 12. Be3 Nxe2+ 13. Qxe2 Be7 14. Rae1 0-0 15. c3 Qa5 16. b3 bxc3 17. Rc1 d5 18. Ne5 d4 19. Bf4 Bb7 20. Nc4 Qd8 21. Nab6 Ra7 22. Qe5 Nd5 23. Nd6 Bxd6 24. Qxd6 Nxf4 25. Qxf4 Qxb6 26. Rce1 Qc6 27. Qg3 f6 28. h3 Ba8 29. f3 e5 30. Rf2 a5 31. f4 Re7 32. Ref1 e4 33. a4 exd3 34. Rf3 d2 35. Rd3 Re2 36. Rd1 Rxg2+ 37. Qxg2 Qxg2# 0-1